<?xml version="1.0" encoding="UTF-8"?>
<record
    xmlns:xsi="http://www.w3.org/2001/XMLSchema-instance"
    xsi:schemaLocation="http://www.loc.gov/MARC21/slim http://www.loc.gov/standards/marcxml/schema/MARC21slim.xsd"
    xmlns="http://www.loc.gov/MARC21/slim">

  <leader>00611nam a22001337a 4500</leader>
  <datafield tag="040" ind1=" " ind2=" ">
    <subfield code="c">RUA</subfield>
  </datafield>
  <datafield tag="082" ind1=" " ind2=" ">
    <subfield code="a">RUB SOU 2015 B514 Or.1</subfield>
  </datafield>
  <datafield tag="100" ind1=" " ind2=" ">
    <subfield code="a">SOUR SOKTRAI; &#x179F;&#x17CA;&#x17BD; &#x179F;&#x17BB;&#x1781;&#x178F;&#x17D2;&#x179A;&#x17C3;</subfield>
  </datafield>
  <datafield tag="245" ind1=" " ind2=" ">
    <subfield code="a">Effect of N.K.P chemical fertilizer on clone pb260 at mong rithy group co.,ltd; &#x1794;&#x17D2;&#x179A;&#x179F;&#x17B7;&#x1791;&#x17D2;&#x1792;&#x1797;&#x17B6;&#x1796;&#x1793;&#x17C3;&#x1782;&#x17B8;&#x1798;&#x17B8; N.P.K&#x179B;&#x17BE;&#x1780;&#x17D2;&#x179B;&#x17BC;&#x1793;&#x1780;&#x17C5;&#x179F;&#x17CA;&#x17BC; pb260 &#x1793;&#x17C5;&#x1780;&#x17D2;&#x179A;&#x17BB;&#x1798;&#x17A0;&#x17CA;&#x17BB;&#x1793; &#x1798;&#x17C9;&#x17BB;&#x1784; &#x17AB;&#x1791;&#x17D2;&#x1792;&#x17B8; &#x1782;&#x17D2;&#x179A;&#x17BB;&#x1794; &#x1781;&#x17BC; &#x17A2;&#x17B7;&#x179B;&#x200B; &#x1792;&#x17B8; &#x178C;&#x17B8;</subfield>
  </datafield>
  <datafield tag="260" ind1=" " ind2=" ">
    <subfield code="a">Phnom Penh</subfield>
    <subfield code="b">RUA</subfield>
    <subfield code="c">2015</subfield>
  </datafield>
  <datafield tag="300" ind1=" " ind2=" ">
    <subfield code="a">xiii;59p;</subfield>
    <subfield code="b">ill;</subfield>
    <subfield code="c">29cm;</subfield>
  </datafield>
  <datafield tag="856" ind1=" " ind2=" ">
    <subfield code="u">SOUR SOKTRAI</subfield>
  </datafield>
  <datafield tag="942" ind1=" " ind2=" ">
    <subfield code="c">RUB</subfield>
  </datafield>
  <datafield tag="999" ind1=" " ind2=" ">
    <subfield code="c">10506</subfield>
    <subfield code="d">10506</subfield>
  </datafield>
  <datafield tag="952" ind1=" " ind2=" ">
    <subfield code="0">0</subfield>
    <subfield code="1">0</subfield>
    <subfield code="2">ddc</subfield>
    <subfield code="4">0</subfield>
    <subfield code="6">RUB_SOU_2015_000000000000000_B514_OR_1</subfield>
    <subfield code="7">0</subfield>
    <subfield code="9">54155</subfield>
    <subfield code="a">LBB</subfield>
    <subfield code="b">LBB</subfield>
    <subfield code="c">B514</subfield>
    <subfield code="d">2016-10-25</subfield>
    <subfield code="o">RUB SOU 2015 B514 Or.1</subfield>
    <subfield code="p">A02467</subfield>
    <subfield code="r">2016-10-25</subfield>
    <subfield code="w">2016-10-25</subfield>
    <subfield code="y">RUB</subfield>
  </datafield>
  <datafield tag="952" ind1=" " ind2=" ">
    <subfield code="0">0</subfield>
    <subfield code="1">0</subfield>
    <subfield code="2">ddc</subfield>
    <subfield code="4">0</subfield>
    <subfield code="6">RUB_SOU_2015_000000000000000_B514_OR_2</subfield>
    <subfield code="7">0</subfield>
    <subfield code="9">54156</subfield>
    <subfield code="a">LBB</subfield>
    <subfield code="b">LBB</subfield>
    <subfield code="c">B514</subfield>
    <subfield code="d">2016-10-25</subfield>
    <subfield code="o">RUB SOU 2015 B514 Or.2</subfield>
    <subfield code="p">A01920</subfield>
    <subfield code="r">2016-10-25</subfield>
    <subfield code="w">2016-10-25</subfield>
    <subfield code="y">RUB</subfield>
  </datafield>
  <datafield tag="952" ind1=" " ind2=" ">
    <subfield code="0">0</subfield>
    <subfield code="1">0</subfield>
    <subfield code="2">ddc</subfield>
    <subfield code="4">0</subfield>
    <subfield code="6">RUB_SOU_2015_000000000000000_B514_OR_3</subfield>
    <subfield code="7">0</subfield>
    <subfield code="9">54157</subfield>
    <subfield code="a">LBB</subfield>
    <subfield code="b">LBB</subfield>
    <subfield code="c">B514</subfield>
    <subfield code="d">2016-10-25</subfield>
    <subfield code="o">RUB SOU 2015 B514 Or.3</subfield>
    <subfield code="p">A01447</subfield>
    <subfield code="r">2016-10-25</subfield>
    <subfield code="w">2016-10-25</subfield>
    <subfield code="y">RUB</subfield>
  </datafield>
  <datafield tag="952" ind1=" " ind2=" ">
    <subfield code="0">0</subfield>
    <subfield code="1">0</subfield>
    <subfield code="2">ddc</subfield>
    <subfield code="4">0</subfield>
    <subfield code="6">RUB_SOU_2015_000000000000000_B514_OR_4</subfield>
    <subfield code="7">0</subfield>
    <subfield code="9">54158</subfield>
    <subfield code="a">LBB</subfield>
    <subfield code="b">LBB</subfield>
    <subfield code="c">B514</subfield>
    <subfield code="d">2016-10-25</subfield>
    <subfield code="o">RUB SOU 2015 B514 Or.4</subfield>
    <subfield code="p">A01829</subfield>
    <subfield code="r">2016-10-25</subfield>
    <subfield code="w">2016-10-25</subfield>
    <subfield code="y">RUB</subfield>
  </datafield>
  <datafield tag="952" ind1=" " ind2=" ">
    <subfield code="0">0</subfield>
    <subfield code="1">0</subfield>
    <subfield code="2">ddc</subfield>
    <subfield code="4">0</subfield>
    <subfield code="6">RUB_SOU_2015_000000000000000_B514_OR_5</subfield>
    <subfield code="7">0</subfield>
    <subfield code="9">54159</subfield>
    <subfield code="a">LBB</subfield>
    <subfield code="b">LBB</subfield>
    <subfield code="c">B514</subfield>
    <subfield code="d">2016-10-25</subfield>
    <subfield code="o">RUB SOU 2015 B514 Or.5</subfield>
    <subfield code="p">A01798</subfield>
    <subfield code="r">2016-10-25</subfield>
    <subfield code="w">2016-10-25</subfield>
    <subfield code="y">RUB</subfield>
  </datafield>
  <datafield tag="952" ind1=" " ind2=" ">
    <subfield code="0">0</subfield>
    <subfield code="1">0</subfield>
    <subfield code="2">ddc</subfield>
    <subfield code="4">0</subfield>
    <subfield code="6">RUB_SOU_2015_000000000000000_B514_OR_6</subfield>
    <subfield code="7">0</subfield>
    <subfield code="9">54160</subfield>
    <subfield code="a">LBB</subfield>
    <subfield code="b">LBB</subfield>
    <subfield code="c">B514</subfield>
    <subfield code="d">2016-10-25</subfield>
    <subfield code="o">RUB SOU 2015 B514 Or.6</subfield>
    <subfield code="p">A01723</subfield>
    <subfield code="r">2016-10-25</subfield>
    <subfield code="w">2016-10-25</subfield>
    <subfield code="y">RUB</subfield>
  </datafield>
  <datafield tag="952" ind1=" " ind2=" ">
    <subfield code="0">0</subfield>
    <subfield code="1">0</subfield>
    <subfield code="2">ddc</subfield>
    <subfield code="4">0</subfield>
    <subfield code="6">RUB_SOU_2015_000000000000000_B514_OR_7</subfield>
    <subfield code="7">0</subfield>
    <subfield code="9">54161</subfield>
    <subfield code="a">LBB</subfield>
    <subfield code="b">LBB</subfield>
    <subfield code="c">B514</subfield>
    <subfield code="d">2016-10-25</subfield>
    <subfield code="o">RUB SOU 2015 B514 Or.7</subfield>
    <subfield code="p">A00131</subfield>
    <subfield code="r">2016-10-25</subfield>
    <subfield code="w">2016-10-25</subfield>
    <subfield code="y">RUB</subfield>
  </datafield>
  <datafield tag="952" ind1=" " ind2=" ">
    <subfield code="0">0</subfield>
    <subfield code="1">0</subfield>
    <subfield code="2">ddc</subfield>
    <subfield code="4">0</subfield>
    <subfield code="6">RUB_SOU_2015_000000000000000_B514_OR_8</subfield>
    <subfield code="7">0</subfield>
    <subfield code="9">56916</subfield>
    <subfield code="a">LBB</subfield>
    <subfield code="b">LBB</subfield>
    <subfield code="c">B514</subfield>
    <subfield code="d">2016-11-17</subfield>
    <subfield code="o">RUB SOU 2015 B514 Or.8</subfield>
    <subfield code="p">a01995</subfield>
    <subfield code="r">2016-11-17</subfield>
    <subfield code="w">2016-11-17</subfield>
    <subfield code="y">RUB</subfield>
  </datafield>
</record>
